Catàleg del Col·legi de Periodistes de Catalunya

Butlletí de l'AMIC: premsa, comunicació, publicitat i màrqueting (Registre núm. 7648)

000 -CABECERA
Longitud fija campo de control 01078nmm a2200301 a 4500
001 - NÚMERO DE CONTROL
Número de control 991036381089706706
003 - IDENTIFICADOR DEL NÚMERO DE CONTROL
Identificador del número de control OSt
005 - FECHA Y HORA DE LA ÚLTIMA TRANSACCIÓN
Fecha y hora de la última transacción 20220222161241.0
007 - CAMPO FIJO DE DESCRIPCIÓN FÍSICA
Campo fijo de descripción f&íacute;sica cr |||||||||||
008 - CÓDIGOS DE INFORMACIÓN DE LONGITUD FIJA
Códigos de información de longitud fija 150804c20159999spc f | 000 0 cat|c
035 ## - NÚMERO DE CONTROL DEL SISTEMA
Número de control del sistema (ES-BaCBU).b68952387
040 ## - FUENTE DE LA CATALOGACIÓN
Centro catalogador de origen CDMR
Lengua de catalogación cat
Centro transcriptor CDMR
245 00 - MENCIÓN DE TÍTULO
Título Butlletí de l'AMIC: premsa, comunicació, publicitat i màrqueting
Medio [Recurs electrònic]
260 ## - PUBLICACIÓN, DISTRIBUCIÓN, ETC. (PIE DE IMPRENTA)
Lugar de publicación, distribución, etc. [Barcelona] :
Nombre del editor, distribuidor, etc. AMIC,
Fecha de publicación, distribución, etc. 2012-
300 ## - DESCRIPCIÓN FÍSICA
Extensión 1 recurs electrònic
310 ## - PERIODICIDAD ACTUAL
Periodicidad actual Setmanal
362 0# - FECHAS DE PUBLICACIÓN Y/O DESIGNACIÓN SECUENCIAL
Fecha de publicación y/o designación secuencial Núm.1 (4 maig 2012)-
500 ## - NOTA GENERAL
Nota general Títol obtingut de la pantalla inicial
538 ## - NOTA DE DETALLES DEL SISITEMA
Nota de detalles del sistema Recurs electrònic en format PDF
650 #7 - PUNTO DE ACCESO ADICIONAL DE MATERIA - TÉRMINO DE MATERIA
Término de materia o nombre geográfico como elemento inicial Indústria audiovisual
Subdivisión geográfica Catalunya.
Subdivisión de materia general Revistes electròniques
Fuente del encabezamiento o término lemac
650 #7 - PUNTO DE ACCESO ADICIONAL DE MATERIA - TÉRMINO DE MATERIA
Término de materia o nombre geográfico como elemento inicial Indústria de la televisió
Subdivisión geográfica Catalunya.
Fuente del encabezamiento o término lemac
650 #7 - PUNTO DE ACCESO ADICIONAL DE MATERIA - TÉRMINO DE MATERIA
Término de materia o nombre geográfico como elemento inicial Internet
Subdivisión geográfica Catalunya.
Fuente del encabezamiento o término lemac
650 #7 - PUNTO DE ACCESO ADICIONAL DE MATERIA - TÉRMINO DE MATERIA
Término de materia o nombre geográfico como elemento inicial Publicitat
Subdivisión geográfica Catalunya.
Fuente del encabezamiento o término lemac
650 #7 - PUNTO DE ACCESO ADICIONAL DE MATERIA - TÉRMINO DE MATERIA
Término de materia o nombre geográfico como elemento inicial Ràdio
Subdivisión geográfica Catalunya.
Fuente del encabezamiento o término lemac
710 ## - PUNTO DE ACCESO ADICIONAL - NOMBRE DE ENTIDAD
Nombre de entidad o nombre de jurisdicción como elemento inicial Associació de mitjans d'informació i comunicació
9 (RLIN) 4822
856 4# - LOCALIZACIÓN Y ACCESO ELECTRÓNICO
Nota pública Accés lliure
Identificador Uniforme del Recurso (URI) <a href="https://www.amic.media/butlleti.php">https://www.amic.media/butlleti.php</a>
942 ## - ENTRADA DE ELEMENTOS AGREGADOS (KOHA)
Fuente de clasificaión o esquema
Koha [por defecto] tipo de item Publicacions periòdiques en línia

No hi ha exemplars disponibles.

Implantat amb Koha